[Event "Thüringenliga 2024/25"]
[Site "?"]
[Date "2025.01.19"]
[Round "5.3"]
[White "Goemann, Jens"]
[Black "Kalisch, Michael"]
[Result "0-1"]
[WhiteElo "2035"]
[BlackElo "2084"]
[PlyCount "94"]
[EventDate "2024.09.15"]
[EventType "team-tourn"]
[EventRounds "9"]
[WhiteTeam "TSG Apolda"]
[BlackTeam "ESV Lok Sömmerda"]

1. c4 e5 2. g3 Nc6 3. Bg2 f5 4. Nc3 Nf6 5. Nf3 Bb4 6. O-O Bxc3 7. bxc3 d6 8. Rb1 O-O 9. d3 Qe8 10. Qb3 Kh8 11. Bg5 Ng8 12. Bd2 Rb8 13. Ng5 h6 14. Nf3 Nf6 15. Qc2 Bd7 16. Rb2 Qh5 17. Qb1 b6 18. Qd1 Rbe8 19. Bc1 f4 20. e3 fxg3 21. fxg3 e4 22. Nd4 Qxd1 23. Rxd1 Ne5 24. dxe4 Nxc4 25. Rb4 Ne5 26. Nb5 a5 27. Rb1 Bxb5 28. Rxb5 Nfd7 29. Rbd5 Nc6 30. Rf5 Nf6 31. Rdf1 Re7 32. Bb2 Rfe8 33. c4 Nd7 34. h3 Nce5 35. Rc1 Nd3 36. Rc2 Nxb2 37. Rxb2 Nc5 38. g4 Nxe4 39. Bxe4 Rxe4 40. Rf7 R8e7 41. Rxe7 Rxe7 42. Kf2 Kg8 43. Kf3 Kf7 44. h4 Ke6 45. Kf4 Rf7+ 46. Ke4 Rf1 47. g5 Rh1 0-1

[Event "Thüringenliga 2024/25"]
[Site "?"]
[Date "2025.01.19"]
[Round "5.4"]
[White "Kühn, Martin"]
[Black "Kroh, Christian"]
[Result "1/2-1/2"]
[WhiteElo "2092"]
[BlackElo "1808"]
[PlyCount "62"]
[EventDate "2024.09.15"]
[EventType "team-tourn"]
[EventRounds "9"]
[WhiteTeam "ESV Lok Sömmerda"]
[BlackTeam "TSG Apolda"]

1. d4 d5 2. Bf4 e6 3. e3 Bd6 4. Bg3 Nf6 5. Nf3 O-O 6. Nbd2 b6 7. Bd3 Bb7 8. c3 Nbd7 9. Qc2 Re8 10. Ne5 Nf8 11. Bb5 N6d7 12. f4 a6 13. Bd3 c5 14. Ndf3 f6 15. Ng4 Qc7 16. O-O Rac8 17. Qd2 h5 18. Nf2 e5 19. fxe5 fxe5 20. Ng5 e4 21. Nfxe4 Rxe4 22. Bxe4 dxe4 23. Qe2 Bxg3 24. Qc4+ Kh8 25. Nf7+ Kh7 26. Ng5+ Kh8 27. hxg3 Nf6 28. Nf7+ Kh7 29. Ng5+ Kh8 30. Nf7+ Kh7 31. Ng5+ Kh8 1/2-1/2

[Event "Thüringenliga 2024/25"]
[Site "?"]
[Date "2025.01.19"]
[Round "5.5"]
[White "Maiwald, Harald"]
[Black "Siegemund, Joachim"]
[Result "1/2-1/2"]
[WhiteElo "1913"]
[BlackElo "1919"]
[PlyCount "143"]
[EventDate "2024.09.15"]
[EventType "team-tourn"]
[EventRounds "9"]
[WhiteTeam "TSG Apolda"]
[BlackTeam "ESV Lok Sömmerda"]

1. Nf3 d5 2. g3 Nf6 3. Bg2 g6 4. O-O Bg7 5. d4 O-O 6. c4 c6 7. cxd5 cxd5 8. Nc3 Nc6 9. Ne5 e6 10. Nxc6 bxc6 11. Na4 Nd7 12. Bf4 e5 13. dxe5 Nxe5 14. Rc1 Bd7 15. e4 Bg4 16. f3 Be6 17. Bxe5 Bxe5 18. f4 Bg7 19. Rxc6 dxe4 20. Bxe4 Qxd1 21. Rxd1 Bxa2 22. Ra1 Rae8 23. Rxa2 Rxe4 24. Nc3 Bxc3 25. bxc3 Rb8 26. Kf2 h5 27. Rc7 a5 28. Kf3 Rbe8 29. Rxa5 Re2 30. Re5 R8xe5 31. fxe5 Rxe5 32. Kf4 Re2 33. h4 Kg7 34. c4 Kf6 35. c5 Ke6 36. c6 Rc2 37. Rc8 Rc5 38. Re8+ Kd6 39. Rd8+ Ke7 40. Rd7+ Ke6 41. Rc7 Rf5+ 42. Ke4 Kd6 43. Rc8 Rf1 44. Ke3 Rf5 45. Ke4 Rf6 46. Ke3 Kc5 47. Ke4 Rxc6 48. Rd8 Re6+ 49. Kf4 Rd6 50. Rf8 Rf6+ 51. Ke4 Kd6 52. Rd8+ Ke7 53. Ra8 Rb6 54. Ra3 Ke6 55. Rc3 Rb4+ 56. Kf3 Rd4 57. Ra3 f6 58. Ra6+ Ke5 59. Ra5+ Rd5 60. Ra3 Kf5 61. Rb3 g5 62. hxg5 fxg5 63. Ra3 g4+ 64. Ke3 Rb5 65. Rc3 Kg5 66. Ra3 h4 67. gxh4+ Kxh4 68. Kf2 Rb2+ 69. Kg1 Re2 70. Rb3 Rc2 71. Ra3 g3 72. Ra8 1/2-1/2

[Event "Thüringenliga 2024/25"]
[Site "?"]
[Date "2025.01.19"]
[Round "5.7"]
[White "Stolz, Markus"]
[Black "Steiner, Martin"]
[Result "1-0"]
[WhiteElo "1797"]
[BlackElo "1614"]
[PlyCount "89"]
[EventDate "2024.09.15"]
[EventType "team-tourn"]
[EventRounds "9"]
[WhiteTeam "TSG Apolda"]
[BlackTeam "ESV Lok Sömmerda"]

1. d4 Nf6 2. Nf3 e6 3. Bf4 d5 4. e3 c5 5. c3 Nc6 6. Bd3 Be7 7. Nbd2 O-O 8. O-O Nh5 9. Bg3 Nxg3 10. hxg3 f5 11. Ne5 Nxe5 12. dxe5 Bd7 13. Qe2 Qc7 14. f4 Rf7 15. g4 g6 16. b3 Rg7 17. g5 Kf7 18. Kf2 Rh8 19. Rh1 h6 20. Rxh6 Rxh6 21. gxh6 Rh7 22. Rh1 Bf8 23. Nf3 Rxh6 24. Ng5+ Ke8 25. Rh3 Rxh3 26. gxh3 Be7 27. Nf3 Qd8 28. Kg3 Kf7 29. h4 Qh8 30. Qh2 Qh5 31. Qh3 Bc6 32. Be2 Qh8 33. Qh2 Ke8 34. Kf2 Kd7 35. Ke1 Kc7 36. Kd2 a6 37. Qg3 Qh6 38. Ng5 Bxg5 39. fxg5 Qg7 40. h5 gxh5 41. Bxh5 Kd8 42. g6 Ke8 43. Qg5 Kf8 44. Qd8+ Be8 45. Qd6+ 1-0

[Event "Thüringenliga 2024/25"]
[Site "?"]
[Date "2025.01.19"]
[Round "5.8"]
[White "Weber, Jakob"]
[Black "Siegl, Detlef"]
[Result "0-1"]
[WhiteElo "1564"]
[BlackElo "1731"]
[PlyCount "79"]
[EventDate "2024.09.15"]
[EventType "team-tourn"]
[EventRounds "9"]
[WhiteTeam "ESV Lok Sömmerda"]
[BlackTeam "TSG Apolda"]

1. d4 d5 2. Bf4 Nf6 3. e3 e6 4. c3 g6 5. Nd2 Bg7 6. Bd3 O-O 7. Ngf3 b6 8. Ne5 Bb7 9. Bg5 Qc8 10. Bxf6 Bxf6 11. h4 Nd7 12. f4 Bxe5 13. fxe5 f5 14. Nf3 Qd8 15. g4 Qe7 16. gxf5 exf5 17. Qe2 Rf7 18. O-O-O Nf8 19. Rdf1 Rg7 20. Ne1 Ne6 21. Ng2 Rc8 22. Nf4 Nxf4 23. exf4 Qe6 24. h5 Kf7 25. hxg6+ hxg6 26. Rh6 Rcg8 27. Rfh1 Bc8 28. R1h3 Bd7 29. Qh2 Qe7 30. Rh7 Ke6 31. R3h6 Rxh7 32. Rxh7 Rg7 33. Rxg7 Qxg7 34. Qh4 Qe7 35. Qxe7+ Kxe7 36. Kd2 Kf7 37. Ke3 Kg7 38. Be2 Kh6 39. Bf3 c6 40. a4 {ZÜ} 0-1

[Event "Landesklasse Ost 2024/25"]
[Site "?"]
[Date "2025.01.19"]
[Round "5.1"]
[White "Sondermann, Johannes"]
[Black "Weiß, Thomas"]
[Result "1-0"]
[WhiteElo "2019"]
[BlackElo "1947"]
[PlyCount "89"]
[EventDate "2024.09.15"]
[EventType "team-tourn"]
[EventRounds "9"]
[WhiteTeam "Meuselwitzer SV"]
[BlackTeam "SSV Vimaria 91 Weimar 2"]

1. d4 d5 2. Nf3 c5 3. c4 e6 4. cxd5 exd5 5. Nc3 Nc6 6. dxc5 d4 7. Ne4 Bf5 8. Nd6+ Bxd6 9. cxd6 Qxd6 10. e4 Bxe4 11. Bd3 Nf6 12. O-O O-O 13. a3 Rfe8 14. b4 Bxf3 15. Qxf3 Ne5 16. Qg3 Nh5 17. Qh3 Nxd3 18. Qxd3 Nf4 19. Bxf4 Qxf4 20. Rfd1 Rad8 21. Rac1 a6 22. Rc4 b5 23. Rc6 Re6 24. g3 Qe5 25. Rdc1 h5 26. R1c5 Qe1+ 27. Kg2 Qe4+ 28. Qxe4 Rxe4 29. Rc8 Ree8 30. Rxd8 Rxd8 31. Kf1 h4 32. gxh4 Rd6 33. Ke2 Kf8 34. Kd3 Ke7 35. Re5+ Kf6 36. Re4 Kf5 37. Rxd4 Rg6 38. Ke3 Rg4 39. Rd7 Re4+ 40. Kf3 Rxh4 41. Rxf7+ Kg6 42. Kg3 Rc4 43. Rf4 Kg5 44. Rxc4 bxc4 45. Kf3 1-0

[Event "Landesklasse Ost 2024/25"]
[Site "?"]
[Date "2025.01.19"]
[Round "5.2"]
[White "Günther, Arthur"]
[Black "Kühne, Niklas"]
[Result "1/2-1/2"]
[WhiteElo "1845"]
[BlackElo "1858"]
[PlyCount "40"]
[EventDate "2024.09.15"]
[EventType "team-tourn"]
[EventRounds "9"]
[WhiteTeam "SSV Vimaria 91 Weimar 2"]
[BlackTeam "Meuselwitzer SV"]

1. d4 Nf6 2. Nf3 e6 3. e3 Be7 4. Bd3 d5 5. O-O O-O 6. Nbd2 b6 7. b3 Bb7 8. Bb2 Nbd7 9. Qe2 Ne4 10. Rac1 c5 11. Rfd1 Bf6 12. Bxe4 dxe4 13. Ne5 Bxe5 14. dxe5 Qg5 15. Nc4 Rfd8 16. Rd2 Ba6 17. Rcd1 Nf8 18. Rxd8 Rxd8 19. Rxd8 Qxd8 20. Qd2 Qd5 1/2-1/2

[Event "Landesklasse Ost 2024/25"]
[Site "?"]
[Date "2025.01.19"]
[Round "5.3"]
[White "Barth, Jürgen"]
[Black "Günther, Andreas"]
[Result "0-1"]
[WhiteElo "1839"]
[BlackElo "2073"]
[PlyCount "96"]
[EventDate "2024.09.15"]
[EventType "team-tourn"]
[EventRounds "9"]
[WhiteTeam "Meuselwitzer SV"]
[BlackTeam "SSV Vimaria 91 Weimar 2"]

1. e4 d5 2. exd5 Qxd5 3. Nc3 Qa5 4. d4 Nf6 5. Bd3 Nc6 6. Nge2 Bf5 7. O-O Bxd3 8. Qxd3 O-O-O 9. Be3 Nb4 10. Qd2 Qf5 11. Rac1 e5 12. a3 Nc6 13. Ng3 Qe6 14. Nce2 exd4 15. Bg5 Be7 16. Rfe1 Qd7 17. Qd3 h6 18. Bd2 g6 19. Qb5 h5 20. h3 h4 21. Nf1 Rh5 22. Qb3 Bd6 23. Bf4 Rf5 24. Bxd6 Qxd6 25. Nh2 Qd5 26. Qxd5 Rfxd5 27. Nf4 Rf5 28. Nd3 g5 29. Nf3 Nd5 30. Nfe5 Nxe5 31. Rxe5 Rxe5 32. Nxe5 f6 33. Nd3 Re8 34. Kf1 b6 35. Re1 Rxe1+ 36. Kxe1 Kd7 37. Ke2 Ke6 38. Kf3 f5 39. g3 c5 40. gxh4 gxh4 41. Ne1 Kf6 42. Nd3 c4 43. Nc1 Ke5 44. b3 b5 45. a4 bxa4 46. bxa4 Nf4 47. Na2 a5 48. Nc3 dxc3 0-1

[Event "Landesklasse Ost 2024/25"]
[Site "?"]
[Date "2025.01.19"]
[Round "5.4"]
[White "Gräf, Michael"]
[Black "Sniegowski, Richard"]
[Result "1/2-1/2"]
[WhiteElo "1843"]
[BlackElo "1787"]
[PlyCount "82"]
[EventDate "2024.09.15"]
[EventType "team-tourn"]
[EventRounds "9"]
[WhiteTeam "SSV Vimaria 91 Weimar 2"]
[BlackTeam "Meuselwitzer SV"]

1. d4 d5 2. Nf3 Nf6 3. e3 c5 4. c3 Nc6 5. Bd3 e6 6. Nbd2 Be7 7. O-O O-O 8. Qe2 Qc7 9. dxc5 Bxc5 10. e4 Nxe4 11. Nxe4 dxe4 12. Qxe4 g6 13. Bh6 Rd8 14. Rad1 Bf8 15. Bxf8 Kxf8 16. Qh4 Kg7 17. Bb5 Bd7 18. Ng5 h6 19. Ne4 Be8 20. Qf6+ Kg8 21. Qh4 Kg7 22. Nf6 Rxd1 23. Rxd1 Qe7 24. Nxe8+ Rxe8 25. Qa4 Rd8 26. Rxd8 Qxd8 27. Bxc6 bxc6 28. g3 Qb6 29. b4 a6 30. c4 Kf6 31. Qb3 Ke7 32. a4 h5 33. Qc3 Qb7 34. b5 cxb5 35. cxb5 axb5 36. Qb4+ Kd7 37. axb5 Kc7 38. Qc5+ Kb8 39. b6 Qd7 40. Qa3 Qd1+ 41. Kg2 Qd7 1/2-1/2

[Event "Landesklasse Ost 2024/25"]
[Site "?"]
[Date "2025.01.19"]
[Round "5.5"]
[White "Große, Frank"]
[Black "Aweh, Mads"]
[Result "1-0"]
[WhiteElo "1769"]
[BlackElo "1783"]
[PlyCount "67"]
[EventDate "2024.09.15"]
[EventType "team-tourn"]
[EventRounds "9"]
[WhiteTeam "Meuselwitzer SV"]
[BlackTeam "SSV Vimaria 91 Weimar 2"]

1. e4 c5 2. Be2 Nc6 3. c3 Nf6 4. d3 d5 5. exd5 Nxd5 6. Nf3 e5 7. O-O Be7 8. Na3 O-O 9. Re1 Be6 10. Nc4 f6 11. Bf1 b5 12. Ne3 Qb6 13. g3 Rad8 14. Qc2 Rd7 15. h3 Rfd8 16. Kh2 Qb7 17. Ng2 Kh8 18. Nf4 Bf7 19. Ng2 Nc7 20. Nfh4 Be6 21. f4 g5 22. fxg5 fxg5 23. Nf3 Bf6 24. Bxg5 Bxg5 25. Nxg5 Bf5 26. Ne4 Qb6 27. Rad1 c4 28. Nh4 Bxe4 29. dxe4 Rxd1 30. Rxd1 Rxd1 31. Qxd1 Qf2+ 32. Bg2 Qxb2 33. Qd6 Qxc3 34. Qf8# 1-0

[Event "Landesklasse Ost 2024/25"]
[Site "?"]
[Date "2025.01.19"]
[Round "5.6"]
[White "Krömer, Emanuel"]
[Black "Schmidt, Jörg"]
[Result "0-1"]
[WhiteElo "1721"]
[BlackElo "1702"]
[PlyCount "40"]
[EventDate "2024.09.15"]
[EventType "team-tourn"]
[EventRounds "9"]
[WhiteTeam "SSV Vimaria 91 Weimar 2"]
[BlackTeam "Meuselwitzer SV"]

1. d4 Nf6 2. Nf3 g6 3. Nc3 Bg7 4. e4 d6 5. Be3 Nbd7 6. Qd2 O-O 7. O-O-O c6 8. Bh6 Qa5 9. Bxg7 Kxg7 10. h4 h5 11. Ng5 b5 12. f4 b4 13. e5 bxc3 14. exf6+ exf6 15. Qe3 cxb2+ 16. Kb1 fxg5 17. hxg5 Nb6 18. Be2 Be6 19. d5 Nxd5 20. Qd4+ Kg8 0-1

[Event "Landesklasse Ost 2024/25"]
[Site "?"]
[Date "2025.01.19"]
[Round "5.7"]
[White "Steigemann, Lutz"]
[Black "Käckell, Oskar"]
[Result "1/2-1/2"]
[WhiteElo "1632"]
[BlackElo "1688"]
[PlyCount "57"]
[EventDate "2024.09.15"]
[EventType "team-tourn"]
[EventRounds "9"]
[WhiteTeam "Meuselwitzer SV"]
[BlackTeam "SSV Vimaria 91 Weimar 2"]

1. f4 d5 2. Nf3 Nf6 3. e3 e6 4. b3 Be7 5. Bb2 b6 6. Be2 Bb7 7. O-O O-O 8. Ne5 Nbd7 9. d3 c5 10. Bf3 Qc7 11. Nd2 Rac8 12. Qe1 Bd6 13. Nxd7 Nxd7 14. Bg4 f5 15. Bh3 Nf6 16. Nf3 Rce8 17. Ne5 Nd7 18. Nxd7 Qxd7 19. Be5 Bxe5 20. fxe5 d4 21. e4 fxe4 22. dxe4 Rxf1+ 23. Kxf1 Rf8+ 24. Kg1 Qf7 25. Qe2 Bxe4 26. Bxe6 Qxe6 27. Qxe4 Re8 28. Re1 g6 29. g3 1/2-1/2

[Event "Landesklasse Ost 2024/25"]
[Site "?"]
[Date "2025.01.19"]
[Round "5.8"]
[White "Reichardt, Albert"]
[Black "Schmidt, Jens"]
[Result "1-0"]
[WhiteElo "1770"]
[BlackElo "1721"]
[PlyCount "81"]
[EventDate "2024.09.15"]
[EventType "team-tourn"]
[EventRounds "9"]
[WhiteTeam "SSV Vimaria 91 Weimar 2"]
[BlackTeam "Meuselwitzer SV"]

1. e4 c6 2. d4 d5 3. Nc3 dxe4 4. Nxe4 Bf5 5. Ng3 Bg6 6. Nf3 Nd7 7. Nh4 Ngf6 8. Nxg6 hxg6 9. Bd3 e6 10. c3 c5 11. Ne2 Bd6 12. dxc5 Bxc5 13. Nd4 Qc7 14. h3 Rd8 15. Qc2 Ne5 16. Bb5+ Ke7 17. Nb3 Bb6 18. Bg5 Neg4 19. Bxf6+ gxf6 20. Rf1 Ne5 21. Rd1 Rxd1+ 22. Kxd1 Rd8+ 23. Kc1 a6 24. Be2 Rd6 25. Nd2 Qd8 26. Ne4 Rd7 27. g4 Nd3+ 28. Kb1 Nf4 29. h4 f5 30. gxf5 gxf5 31. Qc1 fxe4 32. Qxf4 f5 33. Rg1 Qf8 34. Qe5 Kd8 35. Qxe6 Rd6 36. Qc4 Rc6 37. Qd5+ Ke7 38. Rg8 Qf7 39. Qe5+ Re6 40. Qb8 Kf6 41. Rf8 1-0

[Event "Landesklasse Ost 2024/25"]
[Site "?"]
[Date "2025.01.19"]
[Round "5.1"]
[White "Bilek, Michael"]
[Black "Niederdorfer, Adrian"]
[Result "0-1"]
[WhiteElo "2146"]
[BlackElo "1876"]
[PlyCount "74"]
[EventDate "2024.09.15"]
[EventType "team-tourn"]
[EventRounds "9"]
[WhiteTeam "SG Arnstadt-Stadtilm"]
[BlackTeam "SV Empor Erfurt 2"]

1. d4 f5 2. Nh3 Nf6 3. Nf4 g6 4. h4 Nc6 5. d5 Ne5 6. Qd4 d6 7. Nc3 Bg7 8. Qa4+ c6 9. h5 Nfg4 10. f3 Nh6 11. Be3 Bd7 12. Qb3 Qc7 13. O-O-O g5 14. Nh3 f4 15. Bf2 Bf6 16. e3 fxe3 17. Bxe3 Nhf7 18. Nf2 h6 19. Be2 c5 20. g3 Bf5 21. f4 gxf4 22. gxf4 Nd7 23. Nfe4 a6 24. a4 Bxc3 25. Nxc3 O-O-O 26. Rdg1 Rdg8 27. Nb1 Be4 28. Rxg8+ Rxg8 29. Rg1 Qd8 30. Bg4 Kb8 31. Qc4 Nf6 32. Be6 Rxg1+ 33. Bxg1 Qg8 34. Qf1 Bxd5 35. Bh3 Nxh5 36. Nc3 Nxf4 37. Bxc5 Nxh3 0-1

[Event "Landesklasse Ost 2024/25"]
[Site "?"]
[Date "2025.01.19"]
[Round "5.2"]
[White "Pichl, Michael"]
[Black "Buring, Matthias"]
[Result "0-1"]
[WhiteElo "1679"]
[BlackElo "2000"]
[PlyCount "52"]
[EventDate "2024.09.15"]
[EventType "team-tourn"]
[EventRounds "9"]
[WhiteTeam "SV Empor Erfurt 2"]
[BlackTeam "SG Arnstadt-Stadtilm"]

1. Nf3 e6 2. g3 b6 3. Bg2 Bb7 4. O-O Be7 5. d3 f5 6. e4 fxe4 7. Nfd2 Nf6 8. Nc3 O-O 9. Ndxe4 Nxe4 10. Nxe4 d5 11. Nd2 e5 12. Nf3 Nd7 13. h4 h6 14. d4 e4 15. Ne5 Nxe5 16. dxe5 Bc5 17. Bf4 Rxf4 18. gxf4 Qxh4 19. Qd2 a5 20. Rae1 Rf8 21. Re3 Qxf4 22. Re2 Qxe5 23. c4 c6 24. cxd5 cxd5 25. Rd1 Ba6 26. Re3 Rf5 {ZÜ} 0-1

[Event "Landesklasse Ost 2024/25"]
[Site "?"]
[Date "2025.01.19"]
[Round "5.3"]
[White "Sauer, Marko"]
[Black "Niebur, Thorben Carl"]
[Result "1-0"]
[WhiteElo "2005"]
[BlackElo "1782"]
[PlyCount "129"]
[EventDate "2024.09.15"]
[EventType "team-tourn"]
[EventRounds "9"]
[WhiteTeam "SG Arnstadt-Stadtilm"]
[BlackTeam "SV Empor Erfurt 2"]

1. e4 c5 2. Nf3 e6 3. d4 cxd4 4. Nxd4 Nc6 5. Be3 a6 6. Be2 Qc7 7. Nd2 Nf6 8. c3 d5 9. Nxc6 bxc6 10. Qc2 e5 11. h3 Be7 12. O-O Bd6 13. Rfe1 Be6 14. Bf3 h6 15. Rad1 O-O 16. Nb3 Nxe4 17. Bxe4 dxe4 18. Qxe4 f5 19. Qc2 c5 20. Rxd6 Qxd6 21. Bxc5 Qc7 22. Bxf8 Rxf8 23. Qe2 Qb6 24. Qxe5 Bxb3 25. axb3 Qxb3 26. Qe6+ Qxe6 27. Rxe6 Ra8 28. Rb6 Kf7 29. c4 a5 30. Kf1 a4 31. g3 a3 32. bxa3 Rxa3 33. Ke2 f4 34. gxf4 Rxh3 35. f3 Rh2+ 36. Ke3 Rc2 37. Kd4 Rf2 38. Ke3 Rc2 39. Rc6 Rc3+ 40. Kf2 Ke7 41. Kg3 h5 42. c5 h4+ 43. Kxh4 Rxf3 44. Kg4 Rc3 45. Kf5 Kd7 46. Rd6+ Ke7 47. Rd5 Rc4 48. Kg5 g6 49. Kg4 Ke6 50. Rd6+ Ke7 51. Rd5 Ke6 52. Rg5 Kf6 53. Kf3 Kf7 54. Re5 Kf6 55. Ke3 Ra4 56. Re4 Ra1 57. Kd4 Rd1+ 58. Kc4 Kf5 59. Rd4 Ra1 60. Kd5 Ra8 61. c6 Kf6 62. c7 Ke7 63. Kc6 Ra1 64. Re4+ Kf7 65. Rc4 1-0

[Event "Landesklasse Ost 2024/25"]
[Site "?"]
[Date "2025.01.19"]
[Round "5.4"]
[White "Bethge, Johanna"]
[Black "Heß, Jürgen"]
[Result "1/2-1/2"]
[WhiteElo "1791"]
[BlackElo "1878"]
[PlyCount "34"]
[EventDate "2024.09.15"]
[EventType "team-tourn"]
[EventRounds "9"]
[WhiteTeam "SV Empor Erfurt 2"]
[BlackTeam "SG Arnstadt-Stadtilm"]

1. e4 e5 2. Nf3 Nc6 3. d4 exd4 4. Nxd4 Bc5 5. Be3 Qf6 6. c3 Nge7 7. Bc4 d6 8. O-O O-O 9. Nxc6 Nxc6 10. Bxc5 dxc5 11. Nd2 Ne5 12. Be2 Ng6 13. g3 Bh3 14. Re1 Rad8 15. Qc2 Ne5 16. f4 Ng4 17. Nf1 g5 1/2-1/2

[Event "Landesklasse Ost 2024/25"]
[Site "?"]
[Date "2025.01.19"]
[Round "5.5"]
[White "Kaiser, Markus"]
[Black "Rudnitzki, Sergej"]
[Result "1/2-1/2"]
[WhiteElo "1701"]
[BlackElo "2033"]
[PlyCount "61"]
[EventDate "2024.09.15"]
[EventType "team-tourn"]
[EventRounds "9"]
[WhiteTeam "SG Arnstadt-Stadtilm"]
[BlackTeam "SV Empor Erfurt 2"]

1. e4 e5 2. Nf3 Nc6 3. Bc4 Be7 4. c3 Nf6 5. d3 O-O 6. O-O a6 7. Re1 d6 8. Nbd2 Na5 9. b4 Nxc4 10. Nxc4 h6 11. Qc2 Bg4 12. Nfd2 Re8 13. Nf1 Bf8 14. Nce3 Be6 15. Bb2 a5 16. a3 c6 17. d4 b5 18. Rad1 Qb8 19. d5 Bd7 20. dxc6 Bxc6 21. Nd5 Nxd5 22. exd5 Bd7 23. Ne3 g6 24. Kh1 Qd8 25. Qe2 Qh4 26. f3 Rec8 27. g3 Qh3 28. Rc1 h5 29. Qg2 Bh6 30. Qxh3 Bxh3 31. Kg1 1/2-1/2

[Event "Landesklasse Ost 2024/25"]
[Site "?"]
[Date "2025.01.19"]
[Round "5.6"]
[White "Niederdorfer, Mathias"]
[Black "Grkinic, Goran"]
[Result "1-0"]
[WhiteElo "1686"]
[BlackElo "1863"]
[PlyCount "135"]
[EventDate "2024.09.15"]
[EventType "team-tourn"]
[EventRounds "9"]
[WhiteTeam "SV Empor Erfurt 2"]
[BlackTeam "SG Arnstadt-Stadtilm"]

1. e4 e5 2. f4 d5 3. exd5 exf4 4. Nf3 Nf6 5. Bc4 Bd6 6. O-O O-O 7. d4 Bg4 8. Qd3 Nbd7 9. Bb3 Bh5 10. c4 Bg6 11. Qd1 b6 12. Nc3 Re8 13. Nb5 Nh5 14. Nxd6 cxd6 15. Ba4 Rc8 16. Bc6 Re7 17. b4 Nb8 18. b5 Re4 19. a4 h6 20. a5 Rc7 21. axb6 axb6 22. Ba3 Nxc6 23. bxc6 Nf6 24. Qb3 Ra7 25. Qb4 Ne8 26. Rfb1 Ra6 27. Bc1 Qa8 28. Rxa6 Qxa6 29. Bd2 Qa2 30. Re1 Rxe1+ 31. Nxe1 Nf6 32. Bxf4 Ne4 33. Bg3 Qe2 34. Nf3 Bf5 35. c7 Kh7 36. c5 Qe3+ 37. Kh1 bxc5 38. dxc5 Qc1+ 39. Be1 Nxc5 40. Qc3 Qd1 41. Nd4 Bd7 42. Qc2+ Qxc2 43. Nxc2 Nd3 44. Bg3 Kg6 45. Bxd6 f5 46. Nd4 Nf2+ 47. Kg1 Ne4 48. Bb4 Nf6 49. d6 Kf7 50. Nc6 Nd5 51. Bc5 Ke6 52. Na7 Nf6 53. c8=Q Bxc8 54. Nxc8 Ne4 55. Bb4 Nf6 56. Nb6 g6 57. d7 Nxd7 58. Nxd7 Kxd7 59. Bf8 h5 60. Bh6 Ke6 61. Bg5 Ke5 62. g3 Ke4 63. Kf2 f4 64. gxf4 h4 65. Kg2 Kf5 66. Kh3 Ke4 67. Kxh4 Kf3 68. Bh6 1-0

[Event "Landesklasse Ost 2024/25"]
[Site "?"]
[Date "2025.01.19"]
[Round "5.7"]
[White "Degel, Steven"]
[Black "Günther, Oliver"]
[Result "1/2-1/2"]
[WhiteElo "1590"]
[BlackElo "1737"]
[PlyCount "42"]
[EventDate "2024.09.15"]
[EventType "team-tourn"]
[EventRounds "9"]
[WhiteTeam "SG Arnstadt-Stadtilm"]
[BlackTeam "SV Empor Erfurt 2"]

1. c4 Nf6 2. Nc3 c5 3. Nf3 d5 4. cxd5 Nxd5 5. Nxd5 Qxd5 6. e3 e5 7. Qc2 Be7 8. Bc4 Qd6 9. O-O Nc6 10. Qe4 O-O 11. Rd1 g6 12. d4 Bf5 13. Qd5 Qxd5 14. Bxd5 exd4 15. Bxc6 bxc6 16. exd4 Bg4 17. dxc5 Bxc5 18. Be3 Bxe3 19. fxe3 Rfe8 20. Kf2 Rab8 21. Rd2 Rb4 1/2-1/2

[Event "Landesklasse Ost 2024/25"]
[Site "?"]
[Date "2025.01.19"]
[Round "5.8"]
[White "Bergmann, Harald"]
[Black "Schumacher, Andreas"]
[Result "1/2-1/2"]
[WhiteElo "1585"]
[BlackElo "1630"]
[PlyCount "82"]
[EventDate "2024.09.15"]
[EventType "team-tourn"]
[EventRounds "9"]
[WhiteTeam "SV Empor Erfurt 2"]
[BlackTeam "SG Arnstadt-Stadtilm"]

1. e4 c5 2. Nf3 g6 3. Nc3 Bg7 4. Be2 Nc6 5. O-O a6 6. d3 d6 7. a3 Nf6 8. Bd2 O-O 9. Qc1 Ng4 10. h3 Nge5 11. Bh6 Nxf3+ 12. Bxf3 Nd4 13. Bd1 e6 14. Bxg7 Kxg7 15. Qf4 f5 16. e5 d5 17. Ne2 Nxe2+ 18. Bxe2 g5 19. Qe3 b6 20. f4 h6 21. Qg3 Kh7 22. Rae1 Rg8 23. Bd1 Bb7 24. Bf3 Rg7 25. Kf2 Qe7 26. Rh1 Rag8 27. h4 g4 28. Bd1 h5 29. c3 Rd8 30. Ke2 Qc7 31. Kd2 Rgd7 32. Qf2 b5 33. d4 cxd4 34. Qxd4 Qc4 35. g3 Rc7 36. Rh2 Qxd4+ 37. cxd4 Rdc8 38. Bb3 a5 39. Rhh1 a4 40. Bd1 Rc4 41. Ke3 Ba6 1/2-1/2

[Event "Landesklasse Ost 2024/25"]
[Site "?"]
[Date "2025.01.19"]
[Round "5.1"]
[White "Tobal, Elias"]
[Black "Schulz, Phillip"]
[Result "1/2-1/2"]
[WhiteElo "1955"]
[BlackElo "1974"]
[PlyCount "128"]
[EventDate "2024.09.15"]
[EventType "team-tourn"]
[EventRounds "9"]
[WhiteTeam "SC Turm Erfurt"]
[BlackTeam "TV 1887 Germania Hermsdorf"]

{[%evp 0,128,19,28,72,45,68,67,51,37,35,35,56,57,79,15,7,3,0,-2,85,4,17,-6,-6,-23,-20,-20,0,-34,-25,-32,-38,-43,-84,-55,-110,-64,-45,-120,-110,-123,-116,-123,-101,-78,-85,-121,-123,-123,-84,-136,-115,-119,-118,-141,-134,-118,-123,-140,-103,-110,-119,-136,-132,-136,-92,-99,-60,-72,-55,-54,-11,3,24,25,25,38,46,27,19,24,24,0,24,34,34,11,29,16,73,34,71,71,145,101,212,232,238,362,505,283,503,491,503,72,124,147,147,147,137,140,153,147,202,202,202,142,135,135,135,143,146,146,175,175,176,149,145,-2,0]} 1. e4 c5 2. Nf3 d6 3. d4 cxd4 4. Nxd4 Nf6 5. Nc3 a6 6. Bg5 e6 7. f4 Be7 8. Qf3 h6 9. Bh4 Nbd7 10. Bf2 Qc7 11. O-O-O b5 12. Bd3 Bb7 13. a3 Rc8 14. Kb1 Nc5 15. Rhe1 d5 16. exd5 Nxd5 17. Nxd5 Bxd5 18. Qe3 O-O 19. g4 Nxd3 20. Rxd3 Bf6 21. Rc3 Qb8 22. Rxc8 Rxc8 23. g5 Bxd4 24. Qxd4 Rc4 25. Qd2 hxg5 26. fxg5 Qxh2 27. g6 fxg6 28. b3 Rf4 29. Re2 Rf8 30. Bd4 Rf1+ 31. Ka2 Qf4 32. Be3 Qf5 33. Qc3 Qf8 34. Bd4 Rf3 35. Qc7 Rf7 36. Qg3 Rf3 37. Qxg6 Qf7 38. Qg5 Rf5 39. Qd8+ Qf8 40. Qc7 Rf7 41. Qe5 Rf5 42. Qc7 Rf7 43. Qb6 Qc8 44. Bb2 Rf3 45. Qd4 Rf7 46. Rh2 Qd8 47. Qd3 Qg5 48. Qh7+ Kf8 49. Qh8+ Ke7 50. Qc8 Qf4 51. Rh8 Rf8 52. Rxf8 Qxf8 53. Qc7+ Ke8 54. Bxg7 Qe7 55. Qc8+ Kf7 56. Bc3 Qb7 57. Qh8 Ke7 58. Bf6+ Kd7 59. Qd8+ Kc6 60. Be5 Qd7 61. Qb8 Kc5 62. Kb2 Kc6 63. a4 bxa4 64. bxa4 Qb7+ 1/2-1/2